Normal view
MARC view
- Supervisor: Cdre Dr. Muhammad Saeed Khalid SI(M)
Entry Personal Name
001 - CONTROL NUMBER
- control field: 124348
003 - CONTROL NUMBER IDENTIFIER
- control field: NUST
005 - DATE AND TIME OF LATEST TRANSACTION
- control field: 20240710104020.0
008 - FIXED-LENGTH DATA ELEMENTS
- fixed length control field: 240710|| aca||aabn | a|a d
040 ## - CATALOGING SOURCE
- Original cataloging agency: NUST
- Transcribing agency: NUST
100 ## - HEADING--PERSONAL NAME
- Personal name: Supervisor: Cdre Dr. Muhammad Saeed Khalid SI(M)
670 ## - SOURCE DATA FOUND
- Source citation: Work cat.: (NUST): Jan, Mustafa 124347, Risk Assessment Modeling Using Pattern Recognition and Data Mining/
